Statistics for Tottenham Hotspur FC 2020-2021 Squad

Click here to take the quiz!

General Stats

  • This quiz has been taken 169 times
  • The average score is 21 of 30

Answer Stats

PositionKit NumberNationalityAnswer% Correct
GK (c)#1FranceHugo Lloris
97%
FOR#10EnglandHarry Kane
95%
FOR#7South KoreaSon Heung-Min
95%
DEF#6ColombiaDavinson Sanchez
88%
FOR#9WalesGareth Bale
87%
FOR#27BrazilLucas Moura
86%
ManagerN/APortugalJosé Mourinho
84%
MID#28FranceTanguy Ndombele
83%
MID#20EnglandDele Alli
82%
MID#17FranceMoussa Sissoko
82%
DEF#24Ivory CoastSerge Aurier
82%
MID#11ArgentinaErik Lamela
80%
MID#8EnglandHarry Winks
78%
DEF#4BelgiumToby Alderweireld
78%
DEF#33WalesBen Davies
77%
MID#15EnglandEric Dier
77%
DEF#2IrelandMatt Doherty
77%
DEF#3SpainSergio Reguilón
75%
MID#18ArgentinaGiovani Lo Celso
73%
GK#12EnglandJoe Hart
73%
FOR#23NetherlandsSteven Bergwijn
72%
GK#22ArgentinaPaulo Gazzaniga
71%
MID#5DenmarkPierre-Emile Højbjerg
64%
FOR#45BrazilCarlos Vinícius
60%
DEF#25EnglandJaphet Tanganga
51%
MID#30PortugalGedson Fernandes
50%
DEFN/AEnglandDanny Rose
42%
DEF#38United StatesCameron Carter-Vickers
34%
GK#41EnglandAlfie Whiteman
32%
MID#47EnglandJack Clarke
19%

Score Distribution

Percentile by Number Answered

Percent of People with Each Score

Your Score History

You have not taken this quiz